00869 2200181 4500245005800000020001900058250001100077100002900088700001600117650001700133005001900150260003800169041001400207084000800221300002500229500042400254336000900678 aDi Atas Sajadah CintacHabiburrahman El ShirazyhText a979-3210-71-00 aCet. 8 aHabiburrahman El Shirazy aAhmad Mujib aNovel Islami a20240228145526 aJakartabPenerbit Republikac2006 aIndonesia a813 a265 hlm. :c20,5 cm. a"Inilah kisah-kisah yang pnuh dengan ibrah, makna yang dalam, diambil dari kisah teladan Nabi, para sahabat, para tabi'in dan mujahid-mujahidah Islam di masa lalu. Begitu membaca buku ini saya merasa seolah-olah terbetot, untuk kembali menekur dan menafakuri diri. Betapa banyak yang dapat diambil dari kumpulan kisah teladan ini. Sangat bermanfaat bagi para remaja kita." Pipiet Senja - Sastrawan dan Novelis Tanah Air atext